00486 2200193 4500001002100000005001500021008004100036020002200077035001900099041000700118082001100125090001700136100002200153245003300175250000900208260003400217300002500251650001600276INLIS00000000000061320241224112212241224||||||||| | ||| |||| || |  a978-979-010-428-0 0010-1224000613 aid0 a300.72 a300.72 HUS m0 aHusaini Usman dkk00aMetodologi Penelitian Sosial aEd.2 aJakartabpt.bumi aksarac2011 axiv, 170 hlm.; 21 cm 0aIlmu Sosial